Chuyện thời chúng ta đang sống

Sách tập hợp và chọn lọc những bài viết về thế sự, thế thời (thời luận) của các tác giả là nhà báo, nhà văn, những bậc trí giả và bạn đọc về một thời đang sống được in trên doanh nghiệp chủ nhật trong hơn 2 năm qua (2005 - 2007)....

Description complète

Enregistré dans:
Détails bibliographiques
Format: Livre
Langue:Undetermined
Publié: Hà Nội Tri thức 2007
Sujets:
Tags: Ajouter un tag
Pas de tags, Soyez le premier à ajouter un tag!
Thư viện lưu trữ: Trung tâm Học liệu Trường Đại học Cần Thơ
LEADER 00841nam a2200181Ia 4500
001 CTU_133796
008 210402s9999 xx 000 0 und d
020 |c 84000 
082 |a 895.9228 
082 |b Ch527 
245 0 |a Chuyện thời chúng ta đang sống 
260 |a Hà Nội 
260 |b Tri thức 
260 |c 2007 
520 |a Sách tập hợp và chọn lọc những bài viết về thế sự, thế thời (thời luận) của các tác giả là nhà báo, nhà văn, những bậc trí giả và bạn đọc về một thời đang sống được in trên doanh nghiệp chủ nhật trong hơn 2 năm qua (2005 - 2007). 
650 |a Journalism,Báo chí 
904 |i Trọng Hải 
980 |a Trung tâm Học liệu Trường Đại học Cần Thơ